Loading...
| Religion | 0 | 3 | 1 | 1 | 25 | 77 | 104.67 | 0 | 0 | 4.99 | 16.00 |
| History - European | 0 | 2 | 0 | 0 | 20 | 63 | 79.00 | 0 | 1 | 7.80 | 12.75 |
| History - World | 0 | 2 | 0 | 1 | 20 | 46 | 82.00 | 0 | 1 | 6.00 | 15.00 |
| Science - Chemistry | 0 | 2 | 0 | 1 | 20 | 98 | 107.00 | 0 | 0 | 2.51 | 4.50 |
| Philosophy | 0 | 2 | 0 | 2 | 20 | 122 | 125.00 | 0 | 0 | 0.00 | 3.00 |
| Science - Biology | 0 | 2 | 0 | 2 | 20 | 114 | 119.50 | 0 | 0 | 0.00 | 2.11 |
| Literature - British | 0 | 1 | 0 | 0 | 10 | 75 | 75.00 | 0 | 0 | 4.68 | 3.64 |
| History - Other | 0 | 1 | 1 | 0 | 5 | 80 | 80.00 | 0 | 0 | 3.75 | 6.00 |
| Literature - World/Other | 0 | 0 | 0 | 0 | 0 | 0.00 | 0 | 0 | 0.00 | 0.00 | |
| Social Science | 0 | 0 | 1 | 0 | -5 | 0.00 | 0 | 0 | 0.00 | 0.00 | |
| Fine Arts - Classical Music | 0 | 0 | 1 | 0 | -5 | 0.00 | 0 | 0 | 0.00 | 0.00 |